000 00872nam a2200289 a 4500
003 AR-BaBNM
005 20251128210745.0
008 082120s2002 ||||||||||||||000 | spa||
020 _a987-9197-20-8
040 _cAR-BaBNM
100 1 _aPalopoli, María del Carmen
245 0 0 _aEl gran pintor
250 _a1ª ed.
260 _aBuenos Aires
_bCrecer Creando
_c2001
300 _ap. om.
_bil.
490 0 _aDidáctica
500 _aEste material es un complemento del libro ¿Cada cuál atiende su juego?: una propuesta del área de plástica relacionada con las demás áreas
650 4 _aEDUCACION ARTISTICA
650 4 _aCUENTOS
650 4 _aARTES PLASTICAS
653 _aARTICULACION DE AREAS
653 _aEDUCACION INICIAL
653 _aPRIMER CICLO DE LA EGB
800 1 _aBergadá Mugica, Elsa
_edirector
942 _cBK
998 _cRAQUEL
999 _c16765
_d16765